[Martin Kohlrausch: Brokers of Modernity]
| Titel: | [Martin Kohlrausch: Brokers of Modernity] / Christopher Long |
|---|---|
| Verfasser: | |
| In: |
Urban history, Band 47, Heft 3 (2020), Seite 559-561 alle Artikel anzeigen |
| Veröffentlicht: | 2020 |
| Format: | Aufsatz |
| Sprache: | Englisch |
X
alg: 53271523 001A $03025:19-08-25 001B $03025:19-08-25 $t15:08:04.000 001D $03025:19-08-25 001U $0utf8 001X $00 002@ $0Oou 002C $aText $btxt $2rdacontent 002D $aComputermedien $bc $2rdamedia 002E $aOnline-Ressource $bcr $2rdacarrier 003@ $0532715233 009Q $uhttps://doi.org/10.1017/S0963926820000395 $xVolltexgt 010@ $aeng 010E $erda 011@ $a2020 013D $#Newspapers Sections, columns, etc. Reviews $#Book reviewing $#Journaux Cahiers, chroniques, etc. Comptes rendus $#Livres Recension $#Rezension $#Rezension $#Buchbesprechung $#Buchrezension $#Buchkritik $74049712-4 $8Rezension [Ts1] $9085138568 021A $a[Martin Kohlrausch: Brokers of Modernity] $hChristopher Long 028A $BVerfasser $#Long, Christopher Alan $4aut $71064018173 $8Long, Christopher$Z1957- [Tp3] $9351953523 031A $d47 $e3 $h559-561 $j2020 039B $aEnthalten in $8--Obvc--. Urban history. - Cambridge : Cambridge University Press, 1992-. - Online-Ressource. - ISSN 1469-8706 $x202000000470003441 $9079278078 039T $aRezension von $8--Aau--Kohlrausch, Martin$Z1973- [Tp3]. Brokers of modernity. - Leuven : Leuven University Press, 2019. - 399 Seiten. - Illustrationen. - ISBN 978-94-6270-172-4 $9447527401 045F $a709.43709041 $eDDC23BSB 045F/01 $a709 045F/03 $f09041 045F/03 $f09042 045F/03 $f09043 045F/03 $g437 045G $a709.43709044 $eDDC23BSB 045G/01 $a709 045G/03 $f09044 045G/03 $f09045 045G/03 $g437 lok: 53271523 78 exp: 53271523 78 1 #EPN 201B/01 $019-08-25 $t15:08:04.000 201C/01 $019-08-25 201U/01 $0utf8 203@/01 $01316252272 208@/01 $a19-08-25 $be 209A/01 $a/ $f000 $x00 209A/01 $ab*p $x01 220C/01 $apgar 244Z/01 $#Ostmitteleuropa $#Ostmitteleuropa $#Mitteleuropa, Ost $#Central Europe Ostmitteleuropa $#Mittelosteuropa $74075753-5 $8--Tg1--Ostmitteleuropa $x05 $9085214485 247C/01 $82080>Marburg/Lahn, Herder-Institut, Forschungsbibliothek, Bibliographieportal $9336309341
| LEADER | 00000caa a2200000 c 4500 | ||
|---|---|---|---|
| 001 | 532715233 | ||
| 003 | DE-603 | ||
| 005 | 20250819150804.0 | ||
| 007 | cr|||||||||||| | ||
| 008 | 250819s2020 xx |||| o| u00||u|eng c | ||
| 035 | |a (DE-599)HEB532715233 | ||
| 040 | |a DE-603 |b ger |c DE-603 |d DE-603 |e rda | ||
| 041 | |a eng | ||
| 082 | 0 | 4 | |8 1\u |a 709.43709041 |q DE-101 |2 23/BSB |
| 083 | 0 | |8 2\u |a 709.43709044 |q DE-101 |2 23/BSB | |
| 085 | |8 1\u |b 709 | ||
| 085 | |8 1\u |z 1 |s 09041 | ||
| 085 | |8 1\u |z 1 |s 09042 | ||
| 085 | |8 1\u |z 1 |s 09043 | ||
| 085 | |8 1\u |z 2 |s 437 | ||
| 085 | |8 2\u |b 709 | ||
| 085 | |8 2\u |z 1 |s 09044 | ||
| 085 | |8 2\u |z 1 |s 09045 | ||
| 085 | |8 2\u |z 2 |s 437 | ||
| 100 | 1 | |a Long, Christopher |d 1957- |e Verfasser |4 aut |0 (DE-603)351953523 |0 (DE-588)1064018173 |2 gnd | |
| 245 | 0 | 0 | |a [Martin Kohlrausch: Brokers of Modernity] |c Christopher Long |
| 264 | 0 | |c 2020 | |
| 336 | |a Text |b txt |2 rdacontent | ||
| 337 | |a Computermedien |b c |2 rdamedia | ||
| 338 | |a Online-Ressource |b cr |2 rdacarrier | ||
| 655 | 7 | |a Rezension |2 gnd-content |0 (DE-588)4049712-4 |0 (DE-603)085138568 | |
| 773 | 0 | 8 | |i Enthalten in |t Urban history |d Cambridge : Cambridge University Press, 1992- |h Online-Ressource |x 1469-8706 |g Band 47, Heft 3 (2020), Seite 559-561 |w (DE-603)079278078 |w (DE-600)1481895-4 |
| 787 | 0 | 8 | |i Rezension von |a Kohlrausch, Martin, 1973- |t Brokers of modernity |d Leuven : Leuven University Press, 2019 |h 399 Seiten, Illustrationen |z 9789462701724 |w (DE-603)447527401 |
| 856 | |u https://doi.org/10.1017/S0963926820000395 | ||
| 924 | 1 | |9 2080 |a (DE-603)1316252272 |b DE-2080 |c HES |d d |g / | |


